| 000 | 00353cam a22001217a 4500 | ||
|---|---|---|---|
| 008 | 180718b1987 xxu||||| |||| 00| 0 eng d | ||
| 082 | _aB136x5421 T737 CRS | ||
| 100 | _aTrihathi, Satyendra | ||
| 245 |
_aDevelopment for rural poor _cby Satyendra Tripathi |
||
| 260 |
_aJaipur _bRawat _c1987 |
||
| 300 | _a197p. | ||
| 650 | _aRural development - India - U.P. | ||
| 999 |
_c355683 _d355683 |
||